[Event "CCCSA Spring GM Invitational 2019"]
[Site "Charlotte"]
[Date "2019.03.21"]
[Round "7"]
[White "Yanayt, Eugene"]
[Black "Francisco, Richard"]
[Result "1-0"]
[WhiteElo "2287"]
[BlackElo "2231"]
[Annotator "TA"]
[PlyCount "105"]
[EventDate "2019.03.20"]
[EventType "tourn"]
[EventCountry "USA"]
[SourceTitle "playchess.com"]
[Source "ChessBase"]
[SourceQuality "1"]

{[%evp 10,105,22,19,29,25,27,31,34,18,51,43,66,62,73,68,94,80,71,68,60,0,4,0,133,128,127,27,37,-12,-3,-16,0,0,0,-345,0,0,0,0,479,-10,54,60,54,8,29,20,51,47,33,33,208,210,225,222,203,208,204,194,763,785,781,772,756,755,639,643,625,550,1046,1121,2114,1959,2125,1765,2210,1757,2232,2139,29977,29978,29977,5085,29983,29984,29988,29989,29989,29973,29972,12812,29993,29994,29994,29995,29996,29997]} 1. d4 Nf6 2. c4 e6 3. Nf3 d5 4. g3 Bb4+ 5. Bd2 Bxd2+ 6. Qxd2 c6 {E11: Bogo-Indian} 7. Bg2 Nbd7 8. O-O b6 {White is slightly better.} (8... O-O 9. Ne5 Nxe5 10. dxe5 Nd7 11. f4 b6 12. cxd5 cxd5 13. Na3 Ba6 14. Nc2 {0-1 (56) Andreikin,D (2725)-Jobava,B (2629) chess.com INT 2019}) 9. Rc1 Ba6 10. Ne5 Nxe5 11. dxe5 Nd7 12. f4 O-O 13. cxd5 cxd5 14. Nc3 $146 b5 15. e4 ({White should try} 15. e3 $14) 15... Qb6+ $11 16. Kh1 b4 {[#]} (16... d4 $1 $11 {remains equal.} 17. Ne2 Rfd8) 17. Na4 $1 $16 {[%cal Ra4b6]} Qb5 18. b3 (18. exd5 $16 Rac8 19. dxe6 fxe6 20. b3) 18... dxe4 $11 19. Rc7 Nb6 20. Bxe4 Rad8 21. Qc2 Rc8 {White must now prevent ...Rxc7.} 22. Bxh7+ Kh8 23. Be4 {aiming for Qd1.} Nxa4 24. bxa4 $40 {[%mdl 128] Black needs to defend precisely.} Rxc7 $4 {[%mdl 8192]} (24... Qb6 $1 $11 {and Black stays safe.} 25. Rxc8 Rxc8) 25. Qxc7 $2 ({And not} 25. axb5 Rxc2 26. Bxc2 Bxb5 $11) (25. Qg2 $18 {Threatening mate with Qh3+.} Qf1+ 26. Rxf1 Bxf1 27. Qxf1) 25... Qc4 ({Black should play} 25... Qxa4 $11 26. Qd6 Kg8) 26. Qxc4 $14 Bxc4 {[%mdl 4096] Endgame KRB-KRB} 27. Bc2 Rc8 28. Bb3 g5 29. fxg5 Kg7 30. Kg2 a5 $2 {[#]} (30... Bxb3 $1 $14 31. axb3 Rc2+ 32. Kh3 Rb2) 31. h4 $1 $18 Bxb3 32. axb3 {KR-KR} Rc3 33. Rb1 Kg6 34. Kh3 Kh5 $2 (34... Re3 35. Kg4 Re4+ 36. Kf3 Rxe5) 35. Rf1 Kg6 36. Rf6+ Kg7 37. h5 Rxb3 38. g6 fxg6 39. Rxg6+ Kh7 40. Rxe6 Re3 41. Rb6 Rxe5 42. Kh4 Rc5 43. Rb7+ Kg8 44. g4 Rc4 45. h6 b3 46. Rxb3 Rxa4 47. Rb8+ Kh7 48. Kh5 Rb4 49. Ra8 Rb5+ 50. g5 {Ra7+ would kill now.} Rc5 51. Ra7+ {White mates.} Kh8 52. h7 a4 53. Kh6 {Accuracy: White = 77%, Black = 31%.} 1-0

[Event "CCCSA Spring GM Invitational 2019"]
[Site "Charlotte"]
[Date "2019.03.21"]
[Round "7"]
[White "Arjun, Vishnuvardhan"]
[Black "Mishra, Abhimanyu"]
[Result "1/2-1/2"]
[WhiteElo "2262"]
[BlackElo "2232"]
[Annotator "TA"]
[PlyCount "57"]
[EventDate "2019.03.20"]
[EventType "tourn"]
[EventCountry "USA"]
[SourceTitle "playchess.com"]
[Source "ChessBase"]
[SourceQuality "1"]

{[%evp 9,57,0,0,0,9,0,18,19,11,-9,47,58,43,41,61,62,51,52,46,38,43,39,22,20,43,18,35,33,43,12,8,0,0,0,0,-65,-56,-50,-51,-50,-58,-68,-59,-72,0,0,0,0,0,0]} 1. e4 c5 2. Nc3 Nc6 3. Bb5 Nd4 4. Bc4 a6 (4... e6 5. Nge2 Ne7 6. Nxd4 cxd4 7. Ne2 Nc6 8. O-O a6 9. d3 d5 10. exd5 exd5 11. Bb3 Bd6 12. Nf4 Bxf4 13. Bxf4 O-O 14. Qf3 Be6 15. Rfe1 {1-0 (58) Cornette,M (2611)-Lenic,L (2662) chess.com INT 2018}) 5. a4 e6 6. Nge2 {B23: Closed Sicilian: Lines without g3} Nf6 7. O-O Qc7 8. d3 Be7 9. Ba2 d6 ({Black should try} 9... Nc6 $1 $11) 10. Nxd4 $14 cxd4 11. Ne2 e5 12. c3 $146 ({Predecessor:} 12. f4 Bd7 13. Bb3 {1-0 (54) Hunt,H (2439)-Olejarczyk,B (2222) Warsaw 2006}) 12... dxc3 13. bxc3 O-O 14. Be3 Be6 15. Bxe6 fxe6 16. Qb3 Qd7 17. f4 Kh8 18. h3 Rac8 19. Ng3 exf4 20. Rxf4 e5 21. Rf5 d5 22. Rxe5 ({White should play} 22. Rd1 $11) 22... Bd6 $15 23. Rxd5 $1 {And now Rd4 would win.} Qe6 {[%mdl 64] [#] Pin} 24. Nf5 Nxd5 25. Nxd6 Qxd6 26. exd5 {[#]} Rce8 (26... Rf5 $1 $17) 27. Bd4 $11 {The position is equal.} Rf7 28. c4 $1 Qg3 {( -> ...Re2)} 29. Qd1 $1 {Accuracy: White = 70%, Black = 58%.} 1/2-1/2

[Event "CCCSA Spring GM Invitational 2019"]
[Site "Charlotte"]
[Date "2019.03.21"]
[Round "7"]
[White "Adamson, Robby"]
[Black "Banik, Siddharth"]
[Result "1-0"]
[WhiteElo "2216"]
[BlackElo "2341"]
[Annotator "TA"]
[PlyCount "92"]
[EventDate "2019.03.20"]
[EventType "tourn"]
[EventCountry "USA"]
[SourceTitle "playchess.com"]
[Source "ChessBase"]
[SourceQuality "1"]

{[%evp 13,92,33,44,25,53,17,29,13,14,14,26,6,9,-25,-9,-29,-22,-62,-48,-214,-196,-254,-256,-247,-256,-238,-244,-402,-419,-534,-572,-553,-501,-626,-614,-585,-586,-585,-579,-658,-648,-650,-381,-384,-391,-391,-391,-370,-377,-384,-383,-356,-350,-402,-409,-475,-481,-602,-600,-748,-737,-708,-707,-3240,-2159,-29969,-2017,-29980,-29981,-29981,-29982,-29983,-29984,-29984,-29985,-29985,-29986,-29986,-29987,-29987,-29988]} 1. e4 e5 2. Nf3 Nc6 3. Bc4 Nf6 4. d3 Bc5 5. O-O O-O 6. c3 d5 7. exd5 Nxd5 8. a4 {C54: Giuoco Piano: 4 c3 Nf6, main lines with 5 d4 and 5 d3} a6 9. Nbd2 Kh8 10. Re1 {White has an edge.} f6 11. a5 $146 ({Predecessor:} 11. d4 Ba7 12. dxe5 Nxe5 13. Nxe5 fxe5 {½-½ (44) Kramnik,V (2808)-Karjakin,S (2781) Stavanger 2017}) 11... Be6 {[#]} 12. d4 $1 {[%mdl 512]} Ba7 (12... exd4 13. Rxe6) 13. Ba2 Bg4 {[%cal Re5d4]} ({Don't play} 13... Nxa5 $6 14. dxe5 Nc6 15. exf6 $16) 14. Qb3 Nf4 {[%cal Re5d4]} 15. Qxb7 Qd7 $1 {[%cal Re5d4]} 16. Qxa6 $2 (16. Re4 $15) 16... Bxd4 17. Qf1 {[#]} (17. Qb5 $142 Rxa5 18. Be6 Rxb5 19. Bxd7 Bxf2+ 20. Kxf2 Bxd7 21. Kg1) 17... Nh3+ $1 $19 {[%mdl 512]} 18. Kh1 ({Much worse is} 18. gxh3 Bxh3 19. Qxh3 Qxh3 $19) 18... Nxf2+ 19. Kg1 Ba7 20. Re2 $2 (20. Bc4) 20... e4 21. Rxf2 exf3 22. Nxf3 Bxf2+ 23. Kxf2 Bxf3 24. gxf3 Rxa5 25. b4 Raa8 26. Be3 Ne5 27. Kg2 Qf5 28. Bb1 Rxa1 29. Bxf5 Rxf1 30. Kxf1 Nxf3 {[%mdl 4096] Endgame KRN-KB} 31. Kf2 Ne5 32. Bd4 g6 33. Bh3 Kg7 34. Ke3 Ra8 35. Ke4 Ra2 36. Kd5 c6+ 37. Kc5 Rxh2 38. Bxe5 fxe5 {KR-KB} 39. Bd7 Rc2 (39... e4 $142 40. Kc4 Rd2 41. Bg4 h5 42. Bh3 e3 43. Bf1 h4 44. Kc5 e2 45. Bxe2 Rxe2 46. Kc4 h3 47. Kd3 Re8 48. b5 h2 49. Kc4 h1=Q 50. Kb4 Qb1+ 51. Kc5 Qxb5+ 52. Kd6 Qd5+ 53. Kc7 Re7+ 54. Kc8 Qg8#) 40. c4 e4 {Black mates.} 41. Bxc6 e3 42. Bf3 e2 43. Bxe2 Rxe2 44. b5 h5 45. b6 h4 46. b7 Rb2 {[%mdl 32768] Accuracy: White = 24%, Black = 79%. . Loss on time!?} 1-0

[Event "CCCSA Spring GM Invitational 2019"]
[Site "Charlotte"]
[Date "2019.03.24"]
[Round "8"]
[White "Stremavicius, Titas"]
[Black "Francisco, Richard"]
[Result "1-0"]
[WhiteElo "2472"]
[BlackElo "2231"]
[Annotator "TA"]
[PlyCount "49"]
[EventDate "2019.03.20"]
[EventType "tourn"]
[EventCountry "USA"]
[SourceTitle "playchess.com"]
[Source "ChessBase"]
[SourceQuality "1"]

{[%evp 15,49,-2,-6,-32,-13,-9,-1,0,31,43,29,20,22,0,39,13,56,56,54,53,39,-82,-72,-89,-89,-66,186,179,185,133,237,241,239,217,309,302]} 1. c4 c5 2. Nf3 Nc6 3. Nc3 g6 4. e3 Nf6 5. d4 cxd4 6. exd4 d5 7. Bg5 Be6 8. Bxf6 exf6 9. h3 {B13: Caro-Kann: Exchange Variation and Panov-Botvinnik Attack} Bg7 10. c5 O-O 11. Bb5 {The position is equal.} Ne7 12. a3 $146 ({Predecessor:} 12. O-O f5 13. Re1 h6 14. Qd2 a6 15. Ba4 b5 16. cxb6 Qxb6 17. Bb3 {½-½ (42) Vachier Lagrave,M (2710)-Bologan,V (2665) Melilla 2011}) 12... g5 13. Qd2 Ng6 14. h4 {[%cal Rh4g5]} Bg4 15. Nh2 Bf5 16. h5 Nf4 17. g3 $1 $36 {[%cal Rg3f4][%mdl 2048] White has some pressure.} Qe7+ (17... Nxh5 $2 18. g4 $18) 18. Kd1 {[#]} (18. Kf1 $14 {stays ahead.} a6 19. Re1) 18... Ne6 $1 $17 (18... Nxh5 $2 19. g4 $18) 19. g4 Be4 $1 {[%cal Re4h1]} 20. f3 {[%mdl 64] h6 is the strong threat. Trapped Piece} Nxd4 $2 {[%mdl 8192]} (20... Rfd8 $1 $15 21. h6 (21. fxe4 dxe4 22. d5 Qxc5 $14) 21... Bxh6) 21. Qxd4 $18 {[%mdl 64] Double Attack, Trapped Piece} f5 {[#]} 22. Qf2 ({Don't go for} 22. Nxd5 $2 Bxd5 23. Qf2 Rac8 $19) ({White should play} 22. Qb4 $1 $18) 22... d4 (22... Rac8 $16 {might work better.}) 23. Nxe4 fxe4 24. fxe4 Qxe4 (24... d3 $142 25. h6 (25. Bxd3 Rfd8 $15) 25... Bf6) 25. Qf3 {Accuracy: White = 59%, Black = 41%.} 1-0

[Event "CCCSA Spring GM Invitational 2019"]
[Site "Charlotte"]
[Date "2019.03.24"]
[Round "8"]
[White "Patel, Advait"]
[Black "Jacobson, Brandon"]
[Result "0-1"]
[WhiteElo "2470"]
[BlackElo "2455"]
[Annotator "TA"]
[PlyCount "82"]
[EventDate "2019.03.20"]
[EventType "tourn"]
[EventCountry "USA"]
[SourceTitle "playchess.com"]
[Source "ChessBase"]
[SourceQuality "1"]

{[%evp 12,82,30,-9,36,35,46,38,38,29,36,17,26,6,-2,28,16,4,12,-77,-14,-10,0,0,0,-29,62,53,52,-34,-41,-171,-160,-205,-186,-197,-114,-111,-116,-141,-141,-139,-139,-189,-173,-245,-204,-204,-170,-251,-265,-295,-239,-393,-381,-453,-429,-570,-519,-589,-589,-579,-607,-595,-545,-519,-507,-785,-774,-755,-650,-1659,-1615]} 1. Nf3 c5 2. g3 Nc6 3. Bg2 e5 4. c4 g6 5. Nc3 Bg7 6. a3 Nge7 7. b4 cxb4 {A37: Symmetrical English vs ...g6: 4 Bg2 Bg7 5 Nf3} (7... d5 8. cxd5 Nxd5 9. Ng5 Nc7 10. d3 cxb4 11. axb4 e4 12. Ngxe4 f5 13. Bg5 Bxc3+ 14. Kf1 Qd4 15. Nxc3 Qxc3 {½-½ (58) Gelfand,B (2733)-Grischuk,A (2747) Kazan 2011}) 8. axb4 Nxb4 9. Ba3 Nec6 {White is slightly better.} 10. O-O a5 $146 ({Predecessor:} 10... O-O 11. Rb1 a5 12. d3 d6 13. Nd2 f5 14. Nd5 Nxd5 15. Bxd5+ {1-0 (43) Soppe,G (2408)-De Leo,A Olavarria 2006}) 11. Nd5 {aiming for Bxb4.} Ra6 12. Rb1 Nxd5 13. cxd5 Na7 14. d4 e4 15. Nh4 (15. Ne5 $11 {keeps the balance.}) 15... b5 (15... f5 $17) 16. Bxe4 $11 b4 17. Bb2 O-O 18. Ra1 Re8 (18... Qb6 $11) 19. Bd3 $14 Rd6 20. Qb3 ({Better is} 20. e4 $14) 20... Ba6 $36 {[%mdl 2048] Black has the initiative.} 21. Bxa6 (21. e4 $15) 21... Rxa6 $19 22. e3 Qb6 23. Rfc1 d6 (23... Rc8 $19 24. Rxc8+ Nxc8) 24. Nf3 Rb8 25. Nd2 Qb5 $1 26. Ra4 {[#]} Nc8 $1 {[%cal Rc8b6] Hoping for ...Nb6.} 27. Qc4 {[#]} Qb7 $1 {And now ...Nb6 would win.} ({Inferior is} 27... Qxa4 28. Qxa6 Nb6 29. Qa7 $14) 28. Ra2 (28. Qa2 $142 Rba8 29. Qc4) 28... a4 29. Rb1 f5 30. Bc3 (30. Bc1 {was necessary.} Ra5 31. e4) 30... Rb6 31. Ba1 Qd7 32. f3 $2 (32. Rab2 b3 33. Nxb3) 32... Bh6 33. Kf2 Ne7 {Black is clearly winning.} 34. e4 b3 35. Rab2 fxe4 36. Nxe4 {Nf6+ is the strong threat.} Bg7 37. Re2 Rb4 38. Qa6 Nxd5 39. Qa5 (39. Bb2 $142 Bxd4+ 40. Kg2) 39... Qc6 40. Rc1 Qb5 41. Qa7 b2 {Accuracy: White = 24%, Black = 70%.} 0-1

[Event "CCCSA Spring GM Invitational 2019"]
[Site "Charlotte"]
[Date "2019.03.24"]
[Round "8"]
[White "Arribas Lopez, Angel"]
[Black "Ringoir, Tanguy"]
[Result "1/2-1/2"]
[WhiteElo "2443"]
[BlackElo "2510"]
[Annotator "TA"]
[PlyCount "40"]
[EventDate "2019.03.20"]
[EventType "tourn"]
[EventCountry "USA"]
[SourceTitle "playchess.com"]
[Source "ChessBase"]
[SourceQuality "1"]

{[%evp 25,40,0,0,0,0,0,0,0,-11,-5,0,-20,0,-4,0,0,3]} 1. d4 d5 2. c4 c6 3. Nf3 Nf6 4. cxd5 cxd5 5. Nc3 Nc6 6. Bf4 Bf5 7. e3 e6 8. Bd3 Bxd3 9. Qxd3 Bd6 10. Bxd6 Qxd6 11. O-O O-O 12. Rfc1 Rfc8 13. h3 h6 {The position is equal.} 14. Ne2 {D14: Slav Defence: Exchange variation with ...Bf5} (14. Nd2 Nd7 15. Ne2 Ne7 {½-½ (15) Bu,X (2725)-Duda,J (2724) Liaocheng 2018}) 14... Ne7 15. Rxc8+ Rxc8 16. Rc1 Rxc1+ 17. Nxc1 Nc6 18. Ne2 Ne4 19. a3 $146 ({Predecessor:} 19. Qb3 Qc7 20. Qc2 Qb6 21. Nc3 Nxc3 22. Qxc3 Qb4 23. Qc2 Qb6 24. Qc3 Qb4 25. Qc2 Qb6 26. Qc3 {½-½ (26) Dao,T (2493)-Moradiabadi,E (2549) Jakarta 2011}) 19... a6 20. Nc3 Nxc3 1/2-1/2

[Event "CCCSA Spring GM Invitational 2019"]
[Site "Charlotte"]
[Date "2019.03.24"]
[Round "8"]
[White "Yoo, Christopher Woojin"]
[Black "Berczes, David"]
[Result "0-1"]
[WhiteElo "2426"]
[BlackElo "2461"]
[Annotator "TA"]
[PlyCount "104"]
[EventDate "2019.03.20"]
[EventType "tourn"]
[EventCountry "USA"]
[SourceTitle "playchess.com"]
[Source "ChessBase"]
[SourceQuality "1"]

{[%evp 15,104,33,25,6,12,6,12,6,19,25,36,43,51,12,14,-62,-56,-74,-66,-59,-14,-33,-22,-13,0,-31,-18,-37,-29,-78,-71,-102,0,-10,0,-22,0,0,0,-62,-35,-81,-72,-68,-58,-49,-33,-12,-33,-31,-54,-114,-114,-128,-114,-133,-114,-222,-215,-291,-268,-354,-318,-348,-289,-601,-592,-738,-775,-678,-677,-699,-743,-708,-599,-689,-451,-1987,-1771,-2433,-4223,-4702,-4674,-1678,-1712,-5169,-5281,-5632,-5596,-5189,-4498]} 1. e4 e5 2. Nf3 Nc6 3. Bb5 a6 4. Ba4 Nf6 5. O-O Be7 6. d3 b5 7. Bb3 O-O 8. a4 b4 9. Nbd2 {C84: Closed Ruy Lopez: Unusual White 6th moves} Bc5 10. Nc4 d6 11. Be3 {The position is equal.} Ba7 $146 ({Predecessor:} 11... Bxe3 12. Nxe3 Na5 13. Nd2 Nxb3 14. Nxb3 Be6 15. Nd2 c6 16. b3 d5 {½-½ (67) Jakovenko,D (2734)-Karjakin,S (2786) Loo 2013}) 12. Bxa7 Rxa7 13. d4 {[%cal Rd4e5]} Nxe4 14. Re1 Ng5 $1 15. dxe5 (15. Nxg5 $1 $11 Qxg5 16. dxe5) 15... Bg4 $15 16. exd6 Bxf3 17. gxf3 cxd6 {aiming for ...d5.} ({Much worse is} 17... Nh3+ $6 18. Kg2 $16) (17... Qf6 $5 {[%cal Rg5f3]} 18. Re3 Nd4 $15) 18. f4 $1 {[%cal Rf4g5]} Nh3+ {[%mdl 64] Double Attack} 19. Kf1 $1 {Hoping for Qg4.} d5 {Threatens to win with ...Qh4.} 20. Ne3 {Black must now prevent Qf3.} Nxf4 21. Qg4 Qf6 22. Nf5 Ng6 $36 {[%mdl 2048] Black has strong initiative.} 23. Bxd5 {[#]} Nce7 (23... Nce5 $1 $17 {[%cal Re5g4]} 24. Qe4 Rd7) 24. Nxe7+ $1 $11 Nxe7 25. Bb3 $1 a5 26. Rad1 Nf5 27. Rd3 ({White should try} 27. Rd5 $11 Ne7 28. Rd3) 27... g6 $15 28. c3 bxc3 29. Rxc3 Rb7 30. Qf3 Re7 31. Rxe7 Qxe7 32. Bc2 Nd4 33. Qe3 ({Better is} 33. Qe4 $15 Qf6 34. Bd1) 33... Qxe3 $17 34. fxe3 Nxc2 35. Rxc2 {[%mdl 4096] Endgame KR-KR} Rb8 36. h4 {[#]} (36. Kf2 $17) 36... h5 $1 $19 37. Rc5 {intending Rb5.} Rxb2 38. Rxa5 Rb4 39. Ra8+ Kg7 40. a5 $2 (40. Ke2) 40... Rxh4 {Black is clearly winning.} 41. Rc8 Ra4 42. Rc5 Ra2 43. e4 Kf6 44. Rd5 Ke6 45. Rb5 f6 46. Rb6+ (46. Rb8 $142 Rxa5 47. Rh8) 46... Ke5 47. Rb5+ Kxe4 48. Rb4+ Kf5 49. Rb5+ Kg4 50. Rb4+ Kg5 51. Rb5+ f5 52. Rc5 h4 {Accuracy: White = 30%, Black = 81%.} 0-1

[Event "CCCSA Spring GM Invitational 2019"]
[Site "Charlotte"]
[Date "2019.03.24"]
[Round "8"]
[White "Rohan, Ahuja"]
[Black "Ostrovskiy, Aleksandr"]
[Result "1/2-1/2"]
[WhiteElo "2380"]
[BlackElo "2453"]
[Annotator "TA"]
[PlyCount "32"]
[EventDate "2019.03.20"]
[EventType "tourn"]
[EventCountry "USA"]
[SourceTitle "playchess.com"]
[Source "ChessBase"]
[SourceQuality "1"]

{[%evp 16,32,-7,-12,-12,-22,-27,-29,0,-6,66,87,84,91,98,89,96,91,119]} 1. Nf3 d5 2. g3 Nd7 3. Bg2 e5 4. d3 Ngf6 5. O-O Bd6 6. Nbd2 O-O 7. e4 c6 8. Re1 Re8 9. b3 a5 {B10: Caro-Kann: 2 d3 and 2 c4} 10. a3 d4 (10... b5 11. Bb2 Bb7 12. Qe2 d4 13. Nh4 a4 14. h3 axb3 15. cxb3 g6 16. Rf1 Nh5 17. Nf5 {0-1 (43) Andriasian,Z (2591)-Vidit,S (2718) chess.com INT 2018}) 11. Bb2 a4 {Black has an edge.} 12. b4 b6 $146 (12... b5 $11) ({Predecessor:} 12... b5 13. c4 dxc3 14. Bxc3 c5 15. Qb1 Qb6 16. Qb2 Bb7 17. Nf1 cxb4 18. axb4 {0-1 (69) Kadric,D (2594)-Balakrishnan,P (2458) Arlington 2016}) 13. c3 $1 $14 c5 {White is better.} 14. cxd4 cxd4 {[#]} 15. Bxd4 $1 {[%mdl 512]} exd4 16. e5 $1 {[%mdl 64] Double Attack} Be7 1/2-1/2

[Event "CCCSA Spring GM Invitational 2019"]
[Site "Charlotte"]
[Date "2019.03.24"]
[Round "8"]
[White "Gauri, Shankar"]
[Black "Korley, Kassa"]
[Result "1/2-1/2"]
[WhiteElo "2378"]
[BlackElo "2437"]
[Annotator "TA"]
[PlyCount "107"]
[EventDate "2019.03.20"]
[EventType "tourn"]
[EventCountry "USA"]
[SourceTitle "playchess.com"]
[Source "ChessBase"]
[SourceQuality "1"]

{[%evp 23,107,28,44,37,35,29,46,38,75,48,54,30,63,65,70,37,37,34,43,27,33,1,15,6,8,11,37,40,39,26,79,79,82,91,79,79,94,48,55,29,33,26,50,52,120,114,190,178,197,171,167,0,0,0,0,0,0,0,230,235,233,204,235,254,240,227,250,251,239,236,201,0,0,0,0,0,0,0,0,0,0,0,0,0,0,0]} 1. Nf3 d5 2. c4 e6 3. g3 c6 4. Bg2 Nf6 5. d4 Nbd7 6. O-O Be7 7. Qc2 O-O 8. Nbd2 b6 9. e4 Bb7 10. e5 Ne8 11. cxd5 cxd5 12. Re1 Rc8 13. Qd1 {E09: Closed Catalan: Main Line: 7 Qc2 c6 8 Nbd2} Ba6 (13... Qc7 14. Nb1 b5 15. Bf1 b4 16. Bd3 h6 17. Bf4 Qb6 18. Nbd2 Ba6 19. Bc2 f5 20. exf6 Rxf6 {1-0 (32) Gelfand,B (2729)-Stupak,K (2573) Tbilisi 2017}) 14. Nf1 Nc7 15. h4 {[#] White is slightly better.} Re8 $146 ({Predecessor:} 15... h6 16. h5 Nb8 17. Ne3 Nc6 18. Ng4 Re8 19. Bxh6 gxh6 {1-0 (44) Filippov,V (2621)-Frolyanov,D (2505) Sochi 2005}) 16. Bg5 h6 17. Bf4 Bb4 18. Re3 Nf8 19. h5 Nh7 20. Qa4 Bf8 21. Rc1 b5 22. Qd1 Na8 23. Rxc8 Qxc8 24. Rc3 Qd8 25. N1d2 {[%cal Bf1d2,Bd2b3,Bb3c5][%mdl 32]} b4 26. Rc1 Qa5 (26... Nb6 $11 {remains equal.}) 27. Nb3 $1 $16 {[%cal Rb3a5]} Qa4 28. Nc5 $36 {[%mdl 2048] Keeping Black busy.} Qxd1+ 29. Rxd1 Be2 30. Rc1 Rc8 31. Ne1 Bxh5 32. Ned3 a5 33. Nb7 Rc4 ({Better is} 33... Rxc1+ $14 34. Bxc1 a4) 34. Nxa5 Rxd4 (34... Rxc1+ $16 {was worth a try.} 35. Bxc1 Bg6) 35. Bf1 $1 $18 Re4 36. Be3 $1 Ng5 {[#]} 37. Rc8 $2 (37. Ba7 $1 $18) 37... Nf3+ $11 {[%mdl 64] Double Attack} 38. Kg2 $1 {And now Bc5 would win.} d4 39. Rxa8 {Hoping for Bc1.} dxe3 40. fxe3 Nxe5 $2 (40... Nd2 $11 {and Black is okay.} 41. Kf2 Nxf1 42. Kxf1 Rxe3) 41. Nxe5 $18 Rxe5 42. Nc6 $1 {[%csl LRb4,LRe5]} Rc5 43. Ne7+ $1 Kh7 44. Bd3+ ({Resist} 44. Rxf8 $6 Rc2+ 45. Kg1 Rc7 $16) 44... f5 45. Rxf8 Rc7 46. Nc8 Rd7 {[#]} 47. Bc4 $2 (47. Rxf5 $1 $18 {[%mdl 512]} Rxd3 (47... exf5 48. Bxf5+) 48. Rxh5) 47... Rd2+ $11 {The position is equal.} 48. Kg1 {Threatens to win with g4.} Rd1+ 49. Kf2 {Black must now prevent g4.} Rd2+ 50. Kg1 {aiming for g4.} Rd1+ 51. Kf2 {g4 is the strong threat.} Rd2+ 52. Ke1 Rd1+ $1 53. Kf2 {Strongly threatening g4.} Rd2+ 54. Kg1 {Accuracy: White = 73%, Black = 59%.} 1/2-1/2

[Event "CCCSA Spring GM Invitational 2019"]
[Site "Charlotte"]
[Date "2019.03.24"]
[Round "8"]
[White "Jacobson, Aaron"]
[Black "Arjun, Vishnuvardhan"]
[Result "1-0"]
[WhiteElo "2318"]
[BlackElo "2262"]
[Annotator "TA"]
[PlyCount "77"]
[EventDate "2019.03.20"]
[EventType "tourn"]
[EventCountry "USA"]
[SourceTitle "playchess.com"]
[Source "ChessBase"]
[SourceQuality "1"]

{[%evp 21,77,141,119,108,120,133,142,118,132,127,125,121,138,133,142,146,248,174,307,324,293,312,318,281,385,316,416,386,501,419,510,509,502,502,493,473,530,528,531,527,527,524,539,541,532,509,560,555,572,553,690,671,913,798,6769,11183,29978,29966]} 1. e4 c6 2. Nc3 d5 3. d4 dxe4 4. Nxe4 Nd7 5. Nf3 Ngf6 6. Nxf6+ Nxf6 7. c3 Bf5 8. Ne5 e6 9. g4 {B17: Caro-Kann: Modern Line (4...Nd7)} (9. Qb3 Qc7 10. Be2 Bd6 11. Nf3 {½-½ (11) Kokarev,D (2595)-Artemiev,V (2703) Cheliabinsk 2018}) 9... Bg6 10. h4 Bd6 11. Qe2 c5 {LiveBook: 3 Games} 12. dxc5 Bxe5 13. Qxe5 O-O 14. Be2 $146 ({Predecessor:} 14. f3 Nd7 15. Qd6 Rc8 16. h5 Bc2 {1-0 (34) Thipsay,P (2435)-Ravi,L (2415) India 1990}) 14... Bd3 15. Bf3 Ba6 16. g5 Nd7 17. Qd6 Rc8 18. b4 {[%cal Bb2b4,Bb4b5][%mdl 32]} b6 (18... Qe8 $16) 19. a4 $36 {[%mdl 2048] Strongly threatening c6. Keeping Black busy.} Bc4 (19... bxc5 $142 20. b5 (20. Qxa6 cxb4 21. Qxa7 Ne5 $16) 20... Qa5) 20. c6 $18 Nb8 21. Qxd8 Rfxd8 22. b5 a6 23. Be2 Bd3 24. Be3 axb5 25. axb5 Be4 26. f3 Bxc6 27. bxc6 Rxc6 28. c4 Rdc8 29. Ra8 Nd7 30. Rxc8+ Rxc8 31. Kf2 Kf8 32. Ra1 Ke7 33. Ra6 Rc6 34. f4 {[%cal Bf3f4,Bf4g5][%mdl 32]} f6 35. Ra7 fxg5 36. fxg5 g6 37. Bd1 Kd8 38. Ba4 Rc7 39. Rxc7 {Precision: White = 93%, Black = 14%.} 1-0

[Event "CCCSA Spring GM Invitational 2019"]
[Site "Charlotte"]
[Date "2019.03.24"]
[Round "8"]
[White "Martin Del Campo C., Roberto"]
[Black "Adamson, Robby"]
[Result "1/2-1/2"]
[WhiteElo "2298"]
[BlackElo "2216"]
[Annotator "TA"]
[PlyCount "39"]
[EventDate "2019.03.20"]
[EventType "tourn"]
[EventCountry "USA"]
[SourceTitle "playchess.com"]
[Source "ChessBase"]
[SourceQuality "1"]

{[%evp 21,24,14,20,10,6]} 1. e4 c6 2. d4 d5 3. exd5 cxd5 4. c4 Nf6 5. Nc3 e6 6. Nf3 Bb4 7. cxd5 Nxd5 8. Bd2 Nc6 9. Bd3 O-O 10. O-O Be7 11. Qe2 Nf6 12. Be3 {B14: Caro-Kann: Panov-Botvinnik Attack with 5...e6 and 5...g6} (12. Ne4 Qb6 13. Be3 Nd5 14. Rac1 Rd8 15. a3 {½-½ (15) Motylev,A (2658)-Jakovenko,D (2724) Poikovsky 2012}) 12... Nb4 {Predecessor:} 13. Bc4 $146 b6 14. Ne5 Bb7 15. Rfe1 Rc8 16. Bb3 Nbd5 17. Bd2 Nxc3 18. bxc3 Ne4 19. Bc2 Nxd2 20. Qxd2 {0-1 (57) Vajda,L (2582)-Arutinian,D (2584) Dresden 2008} 1/2-1/2